000 00615nam a22001935i 4500
001 54317
003 ES-MaACL
007 t|
008 960717s1845 gw ||||1| eng d
040 _aCAM
_bspa
_cCAM
100 1 _aDefoe, Daniel.
_943204
245 1 4 _aThe life and surprising adventures of Robinson Crusoe of York, mariner /
_cby Daniel de Foe.
260 _aLeipzig :
_bBenhard Tauchnitz,
_c1845.
300 _a[4], 495 p. ;
_c16 cm.
490 1 _aCollection of British authors ;
_vv. 74
830 0 _aCollection of British authors ;
_vv. 74
_9180703
852 _aES-MaACL
_jG-11572
999 _c54317
_d54317